| 000 | 00650nam a2200241Ia 4500 | ||
|---|---|---|---|
| 003 | OSt | ||
| 005 | 20220924131703.0 | ||
| 006 | a|||||r|||| 00| 0 | ||
| 007 | ta | ||
| 008 | 220923b |||||||| |||| 00| 0 san d | ||
| 024 | _a40847 | ||
| 037 | _cTextual | ||
| 040 |
_aARTS _cARTS _bsan |
||
| 041 |
_2san _asan |
||
| 082 | _aO15,IMDW,1, K6 | ||
| 100 |
_aDwivedi K S _9202620 |
||
| 245 | 0 | _aRukimani haranam mahakavyam | |
| 260 |
_aVaranasi _bShri Kanth Sharma Diwedi India _c1966 |
||
| 300 |
_a228p. _ccm. |
||
| 650 | _aSANSKRIT LITERATURE | ||
| 942 |
_hO15,IMDW,1, K6 _cTEXL _2CC |
||
| 999 |
_c427866 _d427866 |
||